Vývoj rozvrhového systému - frontend

Na minha lista:
Detalhes bibliográficos
Autor principal: Bartko, Peter (Author)
Outros Autores: Jókay, Matúš (Thesis advisor)
Formato: Manuscrito Livro
Idioma:eslovaco
Publicado em: 2025
Assuntos:
Acesso em linha:http://is.stuba.sk/zp/portal_zp.pl?podrobnosti=185637
Tags: Adicionar Tag
Sem tags, seja o primeiro a adicionar uma tag!

MARC

LEADER 00000ntm a22000003a 4500
001 stuzp104194
003 SK-STU
005 20250614212734.9
007 ta
008 150427s2015----xo-----f-mn---000-0-slo-d
040 |a STU  |b slo 
041 0 |a slo 
100 1 |a Bartko, Peter  |u 035000  |4 aut  |U FEI Fakulta elektrotechniky a informatiky  |T FEI Ústav informatiky a matematiky  |X 104422  |U E050  |Y 816  |7 104422 
242 0 1 |a Timetable system development - frontend  |y eng 
245 1 0 |a Vývoj rozvrhového systému - frontend 
260 |c 2025 
650 4 |a Vue  |2 eng 
650 4 |a web application  |2 eng 
650 4 |a timetable system  |2 eng 
650 4 |a Vue  |2 slo 
650 4 |a webová aplikácia  |2 slo 
650 4 |a rozvrhový systém  |2 slo 
700 1 |a Jókay, Matúš  |u 035000  |k Z1  |4 ths  |U FEI Fakulta elektrotechniky a informatiky  |T FEI Ústav informatiky a matematiky  |X 10139  |U E050  |Y 816  |7 A000010139 
856 4 |u http://is.stuba.sk/zp/portal_zp.pl?podrobnosti=185637